Zelda BOTW - Liste des Tours - Statistiques

Statistiques générales
  • Ce quiz a été pris 281 fois
  • Le résultat moyen est 9 sur 15
Statistiques - réponses
Par images Réponse % Correct
Tour du Prélude
91%
Tour d'Akkala
82%
Tour Gerudo
76%
Tour de Firone
73%
Tour de la Plaine
72%
Tour de Lanelle
70%
Tour d'Hébra
70%
Tour d'Ordinn
67%
Tour d'Élimith
57%
Tour du Lac
54%
Tour des Monts Géminés
51%
Tour de Tabanta
49%
Tour Sylvestre
42%
Tour des Landes sauvages
36%
Tour des Collines
33%
Aucun quiz correspondant
Distribution des résultats
% des personnes avec chaque résultat
Percentile par nombre de réponses
Votre historique - résultats
Vous n’avez pas pris ce quiz